000 00617nam a22001457a 4500
020 _a978-1-84362-647-3
082 _a823
_bAW/N
100 _aLAWRENCE, MICHAEL
245 _aNIDIE DUDIE
260 _aAUSTRALIA
_bORCHARD BOOKS
_c2004
300 _a160
520 _aJiggy is given a pen - one of those with a scantily-clad female in it who loses her clothes when the pen is tipped. Trouble is, when Jiggy uses the pen, his clothes disappear too - but being Jiggy, he doesn't put two and two together until he has suffered a number of very nude, public and embarassing episodes.
650 _aSHORT STORY
942 _cBK
999 _c6112
_d6112